000
00305nam a2200109Ia 4500
001
1265327
005
20260417142025.0
008
260417s9999 xx 000 0 und d
020
_a
9786255929747
245
0
_a
Kaçık & Kum ve Köpük & Yeryüzü Tanrıları
_c
Halil Cibran
260
_b
Ketebe Yayınları
999
_c
1265327
_d
1265327